000 00658nam a2200205Ii 4500
003 JO-AjNU
008 230605s9999||||xx |||||||||||||| ||und||
040 _aJO-AjNU
_bara
_erda
_cJO-AjNU
041 _aara
050 1 4 _aBP42.2005
100 3 _aإعداد: الشامي، عبادة فارس,
_eauthor
_97095
245 0 0 _aفي الثقافة الإسلامية، ج2
250 _aط1
264 3 1 _aعمان:دار عمار للنشر والتوزيع ،2005
300 _aج2، 70ص
336 _atext
_btxt
_2rdacontent
337 _aunmediated
_bn
_2rdamedia
338 _avolume
_bnc
_2rdacarrier
650 4 _aالثقافة الاسلامية
_97096
999 _aA105
_c3673
_d3673